MBTA - Fairmount Line Stops - Statistics

General Stats
  • This quiz has been taken 15 times
  • The average score is 6 of 9
Answer Stats
Answer % Correct
Fairmount
100%
South Station
100%
Readville
77%
Blue Hill Avenue
69%
Talbot Avenue
69%
Four Corners/Geneva
62%
Newmarket
62%
Morton Street
54%
Uphams Corner
54%
No matching quizzes found
Score Distribution
Percent of People with Each Score
Percentile by Number Answered
Your Score History
You have not taken this quiz